[Event "Yinzhou Cup CHN-USA Rapid"]
[Site "Ningbo CHN"]
[Date "2013.07.25"]
[Round "4.1"]
[White "Ding, Yixin"]
[Black "Abrahamyan, Tatev"]
[Result "1-0"]
[WhiteTitle "WGM"]
[BlackTitle "WGM"]
[WhiteElo "2432"]
[BlackElo "2316"]
[WhiteTeam "CHN"]
[BlackTeam "USA"]
[WhiteFideId "8602972"]
[BlackFideId "13301918"]
[EventDate "2013.07.25"]

1. e4 e6 2. d4 d5 3. Nc3 Bb4 4. Ne2 dxe4 5. a3 Bxc3+ 6. Nxc3 Nc6 7. Bb5 Ne7 8.
Nxe4 Qd5 9. Qd3 f5 10. Ng3 Qxg2 11. Bd2 O-O 12. O-O-O Qd5 13. Bf4 Qd8 14. Nh5
Ng6 15. Qg3 Rf7 16. Bc4 Nce7 17. Bxc7 Qd7 18. Be5 b5 19. Bb3 Bb7 20. Rhe1 Bd5
21. Bxg7 Bxb3 22. Qxb3 Nd5 23. Be5 a5 24. Rg1 a4 25. Qh3 Qc6 26. Nf4 Nxf4 27.
Bxf4 Rc8 28. Rd2 Rg7 29. Qh6 Qc4 30. Be5 Rd7 31. Kb1 b4 32. axb4 Qxb4 33. Rxg6+
hxg6 34. Qh8+ Kf7 35. Qxc8 1-0

[Event "Yinzhou Cup CHN-USA Rapid"]
[Site "Ningbo CHN"]
[Date "2013.07.25"]
[Round "4.2"]
[White "Foisor, Sabina-Francesca"]
[Black "Guo, Qi"]
[Result "1/2-1/2"]
[WhiteTitle "WGM"]
[BlackTitle "WGM"]
[WhiteElo "2281"]
[BlackElo "2446"]
[WhiteTeam "USA"]
[BlackTeam "CHN"]
[WhiteFideId "1212915"]
[BlackFideId "8604002"]
[EventDate "2013.07.25"]

1. d4 d5 2. c4 e6 3. Nc3 Bb4 4. e3 c5 5. cxd5 exd5 6. a3 Bxc3+ 7. bxc3 Ne7 8. g4
Nbc6 9. Bg2 Be6 10. Nh3 Qc8 11. f3 h5 12. Nf4 hxg4 13. Nxe6 Qxe6 14. fxg4 O-O-O
15. Qe2 Qd6 16. h3 Ng6 17. O-O f6 18. a4 cxd4 19. exd4 Na5 20. Ba3 Qc6 21. Qb5
Nc4 22. Bc5 Ne3 23. Qxc6+ bxc6 24. Rf2 Nxg2 25. Kxg2 Rde8 26. Rb1 Re3 27. Rfb2
Kd7 28. Rb7+ Ke6 29. Rh1 f5 30. Kf2 f4 31. h4 Nxh4 32. Rxg7 Kf6 33. Rxa7 Rf3+
34. Ke2 Re8+ 35. Re7 Re3+ 36. Kf2 R8xe7 37. Bxe7+ Rxe7 38. Rxh4 Kg5 39. Rh8 Kxg4
40. Rg8+ Kf5 41. Rc8 Rh7 42. Rxc6 Rh2+ 43. Kf3 Rh3+ 44. Kg2 Rd3 45. a5 Kg4 46.
Rg6+ Kf5 47. Rc6 Kg4 48. Rg6+ Kf5 49. Rc6 1/2-1/2

[Event "Yinzhou Cup CHN-USA Rapid"]
[Site "Ningbo CHN"]
[Date "2013.07.25"]
[Round "4.3"]
[White "Wang, Jue"]
[Black "Zenyuk, Iryna"]
[Result "0-1"]
[WhiteTitle "WGM"]
[BlackTitle "CM"]
[WhiteElo "2399"]
[BlackElo "2250"]
[WhiteTeam "CHN"]
[BlackTeam "USA"]
[WhiteFideId "8604070"]
[BlackFideId "2022966"]
[EventDate "2013.07.25"]

1. e4 c5 2. Nf3 Nc6 3. d4 cxd4 4. Nxd4 g6 5. c4 Bg7 6. Be3 Nf6 7. Nc3 d6 8. Be2
O-O 9. O-O Nxd4 10. Bxd4 Bd7 11. Qd2 Bc6 12. Bd3 a5 13. Rfe1 Nd7 14. Bxg7 Kxg7
15. Re3 e5 16. Be2 Nf6 17. Rd1 Qb6 18. Qxd6 Qxb2 19. Rb1 Qc2 20. Bd1 Qxb1 21.
Rf3 Rad8 22. Qxf6+ Kg8 23. h4 Rxd1+ 24. Nxd1 Qxd1+ 25. Kh2 Qd8 26. Qxe5 Qxh4+
27. Rh3 Qxe4 28. Qg5 f6 29. Qg3 Qxc4 30. Qc7 Qf7 31. Qxa5 Qd5 0-1

[Event "Yinzhou Cup CHN-USA Rapid"]
[Site "Ningbo CHN"]
[Date "2013.07.25"]
[Round "4.4"]
[White "Ju, Wenjun"]
[Black "Melekhina, Alisa"]
[Result "1-0"]
[WhiteTitle "WGM"]
[BlackTitle "FM"]
[WhiteElo "2531"]
[BlackElo "2216"]
[WhiteTeam "CHN"]
[BlackTeam "USA"]
[WhiteFideId "8603006"]
[BlackFideId "2022613"]
[EventDate "2013.07.25"]

1. Nf3 g6 2. d4 Bg7 3. e4 d6 4. h3 e5 5. c3 Ne7 6. Bd3 O-O 7. O-O Nbc6 8. dxe5
dxe5 9. Qc2 h6 10. b4 a6 11. a4 Be6 12. Rd1 Qc8 13. Ba3 Re8 14. Nbd2 Kh8 15. b5
axb5 16. Bxb5 g5 17. Nc4 Ng6 18. Ne3 1-0

[Event "Yinzhou Cup CHN-USA Rapid"]
[Site "Ningbo CHN"]
[Date "2013.07.25"]
[Round "4.5"]
[White "Ni, Viktorija"]
[Black "Tan, Zhongyi"]
[Result "0-1"]
[WhiteTitle "WIM"]
[BlackTitle "WGM"]
[WhiteElo "2173"]
[BlackElo "2478"]
[WhiteTeam "USA"]
[BlackTeam "CHN"]
[WhiteFideId "11602252"]
[BlackFideId "8603642"]
[EventDate "2013.07.25"]

1. d4 d5 2. c4 e6 3. Nc3 Bb4 4. cxd5 exd5 5. Qc2 Nf6 6. Bg5 h6 7. Bh4 c5 8. dxc5
Nbd7 9. e3 Qa5 10. Bd3 O-O 11. Ne2 Ne4 12. O-O Nxc3 13. bxc3 Bxc5 14. c4 dxc4
15. Bxc4 Ne5 16. Bb3 Bg4 17. Bg3 Nc6 18. Nf4 Ba3 19. h3 Bf5 20. e4 Bh7 21. Nd5
Nd4 22. Qd3 Ne6 23. Be5 Bg6 24. Qg3 Kh7 25. f3 Rac8 26. h4 f6 27. Bf4 f5 28. Qh3
Nxf4 29. Nxf4 fxe4 30. Nxg6 Qb6+ 31. Kh1 Qxg6 32. fxe4 Bb2 33. Rae1 Be5 34. Rf3
Rcd8 35. Bd5 b6 36. Ref1 Rxf3 37. Qxf3 Qd6 38. Qf5+ Kh8 39. Rc1 Qe7 40. Qg4 Qf6
41. Kg1 Rf8 42. Qe2 Bd4+ 0-1

[Event "Yinzhou Cup CHN-USA Rapid"]
[Site "Ningbo CHN"]
[Date "2013.07.26"]
[Round "5.1"]
[Board "1"]
[White "Robson, Ray"]
[Black "Lu, Shanglei"]
[Result "1-0"]
[WhiteTitle "GM"]
[BlackTitle "GM"]
[WhiteElo "2628"]
[BlackElo "2536"]
[WhiteTeam "USA"]
[BlackTeam "CHN"]
[WhiteFideId "2023970"]
[BlackFideId "8603332"]
[EventDate "2013.07.25"]

1. e4 c5 2. Nf3 d6 3. d4 cxd4 4. Nxd4 Nf6 5. Nc3 a6 6. Bg5 e6 7. f4 h6 8. Bh4
Be7 9. Qf3 Nbd7 10. O-O-O Qc7 11. Be2 Rg8 12. Rhf1 g5 13. fxg5 hxg5 14. Bg3 Ne5
15. Bxe5 dxe5 16. Ndb5 axb5 17. Nxb5 Qc5 18. Nd6+ Kf8 19. Qh5 Qxd6 20. Qh6+ Rg7
21. Rxf6 Qxd1+ 22. Kxd1 Bxf6 23. Qxf6 Bd7 24. Qxe5 Rxa2 25. Qd6+ Ke8 26. Qb8+
Ke7 27. Qxb7 Rg8 28. Qb4+ Kf6 29. Qd4+ Ke7 30. Qc5+ Ke8 31. b4 Rh8 32. Bb5 1-0

[Event "Yinzhou Cup CHN-USA Rapid"]
[Site "Ningbo CHN"]
[Date "2013.07.26"]
[Round "5.4"]
[Board "4"]
[White "Lenderman, Aleksandr"]
[Black "Wen, Yang"]
[Result "0-1"]
[WhiteTitle "GM"]
[BlackTitle "GM"]
[WhiteElo "2548"]
[BlackElo "2593"]
[WhiteTeam "USA"]
[BlackTeam "CHN"]
[WhiteFideId "2021285"]
[BlackFideId "8602956"]
[EventDate "2013.07.25"]

1. d4 d6 2. Nf3 f5 3. Nc3 Nf6 4. Bg5 Nbd7 5. Qd3 g6 6. e4 fxe4 7. Nxe4 Bg7 8.
Bh4 c6 9. Nxf6+ Nxf6 10. Qb3 Qb6 11. c3 Bg4 12. Nd2 d5 13. Bd3 O-O 14. O-O Rae8
15. Rfe1 Qc7 16. h3 Bxh3 17. Bg3 e5 18. gxh3 Nh5 19. Bh2 Qf7 20. Re2 Nf4 21.
Bxf4 Qxf4 22. Ne4 Kh8 23. Ng3 e4 24. Bc2 e3 25. Bd3 exf2+ 26. Kh2 Rxe2 27. Bxe2
Re8 28. Qxb7 Rxe2 29. Qc8+ Bf8 30. Rf1 Re3 31. Qg4 Qxg4 32. hxg4 0-1

[Event "Yinzhou Cup CHN-USA Rapid"]
[Site "Ningbo CHN"]
[Date "2013.07.26"]
[Round "5.2"]
[Board "7"]
[White "Foisor, Sabina-Francesca"]
[Black "Ding, Yixin"]
[Result "1-0"]
[WhiteTitle "WGM"]
[BlackTitle "WGM"]
[WhiteElo "2281"]
[BlackElo "2432"]
[WhiteTeam "USA"]
[BlackTeam "CHN"]
[WhiteFideId "1212915"]
[BlackFideId "8602972"]
[EventDate "2013.07.25"]

1. d4 Nf6 2. c4 g6 3. Nc3 d5 4. Nf3 Bg7 5. e3 O-O 6. Be2 c6 7. O-O b6 8. b4 Bb7
9. Qb3 Nbd7 10. a4 Rb8 11. cxd5 Nxd5 12. Nxd5 cxd5 13. b5 Nc5 14. Qa2 Ne4 15.
Bb2 Rc8 16. Rac1 Qd7 17. a5 Nd6 18. axb6 axb6 19. Qa7 Rb8 20. Qxb6 Nc4 21. Bxc4
dxc4 22. Qa7 Qxb5 23. Ba3 Bxf3 24. gxf3 Ra8 25. Qc5 Qb3 26. Ra1 Rfb8 27. Qc7 Rb7
28. Qc6 Rba7 29. Rfb1 Qd3 30. Rd1 Qb3 31. Rdb1 Qd3 32. Rd1 Qf5 33. Bb2 Rxa1 34.
Bxa1 Rc8 35. Qe4 Qg5+ 36. Qg4 Bf6 37. Rc1 Kf8 38. Kf1 Ra8 39. Qxg5 Bxg5 40. Bc3
Ra2 41. Be1 Ra4 42. Ke2 Ke8 43. f4 Bf6 44. Bc3 Kd7 45. Ra1 Rxa1 46. Bxa1 e6 47.
Kd2 Bh4 48. f3 Kc6 49. Bc3 Kb5 50. e4 Bd8 51. h3 Bc7 52. Ke3 Ka4 53. d5 Kb3 54.
Bd2 c3 55. Bc1 Kc2 56. Ba3 Kd1 57. d6 Bb6+ 58. Kd3 c2 59. Kc4 c1=Q+ 60. Bxc1
Kxc1 61. Kb5 Bd8 62. Kc6 Kd2 63. Kd7 Bh4 64. Ke8 Ke3 65. Kxf7 Kxf3 66. e5 Kxf4
67. Kxe6 Ke4 68. d7 Bd8 69. h4 Bc7 70. h5 g5 71. Kf6 g4 72. e6 Be5+ 73. Kf7 g3
74. d8=Q Kf4 75. Qd5 1-0

[Event "Yinzhou Cup CHN-USA Rapid"]
[Site "Ningbo CHN"]
[Date "2013.07.26"]
[Round "5.3"]
[Board "8"]
[White "Tan, Zhongyi"]
[Black "Zenyuk, Iryna"]
[Result "1-0"]
[WhiteTitle "WGM"]
[BlackTitle "CM"]
[WhiteElo "2478"]
[BlackElo "2250"]
[WhiteTeam "CHN"]
[BlackTeam "USA"]
[WhiteFideId "8603642"]
[BlackFideId "2022966"]
[EventDate "2013.07.25"]

1. d4 Nf6 2. Nf3 g6 3. c4 Bg7 4. Nc3 O-O 5. Bg5 d6 6. e3 b6 7. Be2 Bb7 8. Qc2 a6
9. O-O c5 10. Rad1 Nbd7 11. d5 b5 12. cxb5 axb5 13. Bxb5 Ba6 14. a4 Bxb5 15.
axb5 h6 16. Bh4 Nb6 17. e4 g5 18. Bg3 Nh5 19. Ra1 Nxg3 20. hxg3 Qd7 21. Qe2 c4
22. Qe3 Bxc3 23. bxc3 Rxa1 24. Rxa1 Qxb5 25. Nd4 Qc5 26. Qf3 Kh7 27. Ne6 Qc8 28.
Nxf8+ Qxf8 29. Ra6 Na8 30. Qf5+ Kg7 31. Qd7 Qb8 32. Qxe7 1-0

[Event "Yinzhou Cup CHN-USA Rapid"]
[Site "Ningbo CHN"]
[Date "2013.07.26"]
[Round "5.4"]
[Board "9"]
[White "Melekhina, Alisa"]
[Black "Guo, Qi"]
[Result "0-1"]
[WhiteTitle "FM"]
[BlackTitle "WGM"]
[WhiteElo "2216"]
[BlackElo "2446"]
[WhiteTeam "USA"]
[BlackTeam "CHN"]
[WhiteFideId "2022613"]
[BlackFideId "8604002"]
[EventDate "2013.07.25"]

1. e4 c6 2. d4 d5 3. Nd2 dxe4 4. Nxe4 Bf5 5. Ng3 Bg6 6. h4 h6 7. Nf3 Nd7 8. h5
Bh7 9. Bd3 Bxd3 10. Qxd3 e6 11. Bd2 Ngf6 12. O-O-O Be7 13. Qe2 O-O 14. Rhe1 Qc7
15. Ne5 c5 16. Nxd7 Qxd7 17. dxc5 Qa4 18. Kb1 Bxc5 19. Qf3 Rac8 20. Ne4 Be7 21.
Bc3 Nd5 22. Qg3 Nxc3+ 23. Nxc3 Qc6 24. Rd3 b5 25. Qf3 Qc5 26. Re2 Rfd8 27. a3 b4
28. axb4 Qxb4 29. Re4 Qc5 30. g4 Bf6 31. Ree3 Bd4 32. Re2 Bxc3 33. Rxc3 Rd1+ 34.
Ka2 Qa5+ 35. Ra3 Qb6 36. Ree3 Rd2 37. Reb3 Qxf2 38. Qxf2 Rxf2 39. Rxa7 Rfxc2 40.
Rbb7 Rf8 41. Ka3 Rg2 42. Ra4 f5 43. gxf5 exf5 44. b4 f4 45. Kb3 f3 46. Ra1 f2
47. Rf1 Rg1 0-1

[Event "Yinzhou Cup CHN-USA Rapid"]
[Site "Ningbo CHN"]
[Date "2013.07.26"]
[Round "5.5"]
[Board "10"]
[White "Ju, Wenjun"]
[Black "Ni, Viktorija"]
[Result "1-0"]
[WhiteTitle "WGM"]
[BlackTitle "WIM"]
[WhiteElo "2531"]
[BlackElo "2173"]
[WhiteTeam "CHN"]
[BlackTeam "USA"]
[WhiteFideId "8603006"]
[BlackFideId "11602252"]
[EventDate "2013.07.25"]

1. Nf3 Nf6 2. c4 g6 3. d4 Bg7 4. Nc3 O-O 5. e4 d6 6. Be2 e5 7. O-O Nc6 8. d5 Ne7
9. Nd2 Nd7 10. Rb1 f5 11. b4 fxe4 12. Ndxe4 Nf5 13. c5 Nf6 14. Nxf6+ Qxf6 15.
Ne4 Qh4 16. f3 Bh6 17. Bxh6 Qxh6 18. Qc1 Qxc1 19. Rfxc1 Nd4 20. Bd3 Bf5 21. Kf2
Bxe4 22. Bxe4 a5 23. b5 b6 24. cxb6 cxb6 25. Ke3 Rac8 26. Bd3 Kf7 27. f4 Ke7 28.
g3 Kd7 29. Rxc8 Rxc8 30. Ke4 Rc3 31. Rf1 Ke7 32. Rd1 Ra3 33. fxe5 Ra4 34. exd6+
Kxd6 35. Ke3 Kxd5 36. Bc2 Rb4 37. a3 Ke5 38. axb4 Nxc2+ 39. Kd3 Nxb4+ 40. Kc4
Nc2 41. Rd5+ Ke4 42. Rd7 Na3+ 43. Kb3 Nxb5 44. Rxh7 Nd6 45. Re7+ Kf5 46. Ka4 Kf6
47. Re1 Kf5 48. Rf1+ Ke5 49. Rb1 Nc4 50. Rb5+ Kd4 51. Kb3 Nd2+ 52. Kc2 Nc4 53.
Rg5 Ne5 54. h4 b5 55. g4 Nf3 56. Rxg6 Nxh4 57. Rf6 Ng2 58. g5 Ne3+ 59. Kb1 Ke5
60. Rf8 Nd5 61. g6 1-0

[Event "Yinzhou Cup CHN-USA Rapid"]
[Site "Ningbo CHN"]
[Date "2013.07.26"]
[Round "6.3"]
[White "Kaidanov, Gregory S"]
[Black "Xiu, Deshun"]
[Result "0-1"]
[WhiteTitle "GM"]
[BlackTitle "GM"]
[WhiteElo "2577"]
[BlackElo "2556"]
[WhiteTeam "USA"]
[BlackTeam "CHN"]
[WhiteFideId "2008564"]
[BlackFideId "8603693"]
[EventDate "2013.07.25"]

1. e4 e5 2. Nf3 Nc6 3. Bc4 Bc5 4. c3 Nf6 5. d3 d6 6. O-O Bb6 7. Bb3 Ne7 8. Nbd2
Ng6 9. Nc4 O-O 10. a4 c6 11. Nxb6 axb6 12. Re1 Re8 13. h3 h6 14. Be3 Be6 15.
Bxe6 Rxe6 16. Qb3 c5 17. c4 Ra6 18. Qd1 Nd7 19. Nd2 Nf4 20. Bxf4 exf4 21. Nf3
Ne5 22. b3 Rg6 23. d4 cxd4 24. Kh2 Qf6 25. Ra2 Ra5 26. Nxd4 Qg5 27. f3 Qh5 28.
Nf5 Rg5 29. Rd2 g6 30. Nxd6 Rg3 31. Rf1 Qh4 32. Rdf2 Nd3 33. Rc2 Rh5 34. Kg1
Qxh3 35. Qxd3 Qh2+ 36. Kf2 Rxg2+ 37. Ke1 Rxc2 38. Kd1 Ra2 0-1

[Event "Yinzhou Cup CHN-USA Rapid"]
[Site "Ningbo CHN"]
[Date "2013.07.26"]
[Round "6.4"]
[White "Lenderman, Aleksandr"]
[Black "Zhou, Weiqi"]
[Result "1/2-1/2"]
[WhiteTitle "GM"]
[BlackTitle "GM"]
[WhiteElo "2548"]
[BlackElo "2616"]
[WhiteTeam "USA"]
[BlackTeam "CHN"]
[WhiteFideId "2021285"]
[BlackFideId "8601674"]
[EventDate "2013.07.25"]

1. Nf3 Nf6 2. c4 g6 3. Nc3 Bg7 4. e4 d6 5. d4 O-O 6. Be2 e5 7. O-O exd4 8. Nxd4
Re8 9. f3 Nc6 10. Be3 Nh5 11. Qd2 Nf4 12. Rfd1 Nxd4 13. Bxd4 Bxd4+ 14. Qxd4
Nxe2+ 15. Nxe2 b6 16. Nc3 Bb7 17. Nd5 Bxd5 18. cxd5 Qg5 19. Rac1 Re7 20. Qd2 Qe5
21. Rc4 f5 22. Rdc1 fxe4 23. Rxe4 Qg7 24. Qc3 Rxe4 25. fxe4 Qxc3 26. Rxc3 Re8
27. Rxc7 Rxe4 28. Rxa7 Rd4 29. b3 Rxd5 30. Kf2 Rd2+ 31. Kf3 h5 32. h4 b5 33. g3
Rd4 34. Re7 Kf8 35. Ra7 b4 36. Rb7 Rg4 37. Rc7 d5 38. Rd7 Rd4 39. Ra7 Kg8 40.
Kf2 Kf8 41. Ra4 Re4 42. Ra6 Kf7 43. Rd6 Rd4 44. Ke3 Re4+ 45. Kf3 Rd4 46. Ke3 1/2-1/2

[Event "Yinzhou Cup CHN-USA Rapid"]
[Site "Ningbo CHN"]
[Date "2013.07.26"]
[Round "6.1"]
[White "Ju, Wenjun"]
[Black "Abrahamyan, Tatev"]
[Result "1/2-1/2"]
[WhiteTitle "WGM"]
[BlackTitle "WGM"]
[WhiteElo "2531"]
[BlackElo "2316"]
[WhiteTeam "CHN"]
[BlackTeam "USA"]
[WhiteFideId "8603006"]
[BlackFideId "13301918"]
[EventDate "2013.07.25"]

1. Nf3 Nf6 2. c4 d6 3. d4 g6 4. Nc3 Bg7 5. e4 O-O 6. h3 e5 7. d5 a5 8. g4 Na6 9.
Be3 Ne8 10. Bd3 Kh8 11. Qd2 Nc5 12. Bc2 f5 13. gxf5 gxf5 14. exf5 Bxf5 15. Ng5
Qd7 16. Rg1 b6 17. O-O-O a4 18. Bxf5 Qxf5 19. Qc2 Qxc2+ 20. Kxc2 Nf6 21. Rg2 Nh5
22. Rdg1 Nf4 23. Rg4 Bh6 24. Rh4 Bxg5 25. Rxg5 Nfd3 26. Bxc5 Ne1+ 27. Kd1 Nf3
28. Rhh5 Nxg5 29. Be3 Nf3 30. Ne4 Rf7 31. Ke2 Rg8 32. Nc3 Rg1 33. Kd3 Ne1+ 34.
Kd2 Ng2 35. Rg5 Rg7 36. Rxg7 Kxg7 37. Bg5 Ne1 38. Bd8 Nf3+ 39. Ke3 Nd4 40. Bxc7
a3 41. bxa3 Rh1 42. Ke4 Rxh3 43. Bxd6 Rxc3 44. Bxe5+ Kf7 45. Kxd4 Rxa3 46. Bc7
Rxa2 47. Bxb6 Rxf2 48. Ke4 Rc2 49. c5 Ke7 50. Ke5 Re2+ 51. Kf4 Rd2 52. Kg5 Rxd5+
53. Kh6 Rxc5 1/2-1/2

[Event "Yinzhou Cup CHN-USA Rapid"]
[Site "Ningbo CHN"]
[Date "2013.07.26"]
[Round "6.4"]
[White "Melekhina, Alisa"]
[Black "Tan, Zhongyi"]
[Result "0-1"]
[WhiteTitle "FM"]
[BlackTitle "WGM"]
[WhiteElo "2216"]
[BlackElo "2478"]
[WhiteTeam "USA"]
[BlackTeam "CHN"]
[WhiteFideId "2022613"]
[BlackFideId "8603642"]
[EventDate "2013.07.25"]

1. e4 c5 2. c3 d5 3. exd5 Qxd5 4. d4 Nf6 5. dxc5 Qxc5 6. Nf3 e6 7. Na3 Be7 8.
Be3 Qa5 9. Nc4 Qc7 10. Nd4 Bd7 11. Qf3 Nd5 12. Bd2 Nc6 13. Nb5 Qb8 14. Qg3 O-O
15. Ne3 Nf6 16. Nc2 e5 17. O-O-O Ne4 18. Qf3 Nxd2 19. Rxd2 Be6 20. Kb1 a6 21.
Nba3 Qc7 22. Bd3 b5 23. Be4 Rac8 24. Rhd1 b4 25. cxb4 Bxb4 26. Rd3 Bc5 27. Bf5
Bxf5 28. Qxf5 Nd4 29. Nxd4 Bxd4 30. Rb3 g6 31. Qf3 Qc5 32. Rf1 Rc7 33. Qe2 Rfc8
34. Qd2 e4 35. Ka1 Bf6 36. Nb1 Qf5 37. Nc3 Bxc3 38. Rxc3 Rxc3 39. bxc3 Qe5 40.
Rc1 Qxh2 41. Qd7 Rb8 42. Qg4 Qe5 43. Qe2 a5 44. f3 e3 45. Re1 Qxc3+ 0-1

[Event "Yinzhou Cup CHN-USA Rapid"]
[Site "Ningbo CHN"]
[Date "2013.07.26"]
[Round "7.1"]
[Board "1"]
[White "Zhou, Weiqi"]
[Black "Robson, Ray"]
[Result "1-0"]
[WhiteTitle "GM"]
[BlackTitle "GM"]
[WhiteElo "2616"]
[BlackElo "2628"]
[WhiteTeam "CHN"]
[BlackTeam "USA"]
[WhiteFideId "8601674"]
[BlackFideId "2023970"]
[EventDate "2013.07.25"]

1. Nf3 Nf6 2. c4 g6 3. Nc3 d5 4. cxd5 Nxd5 5. Qb3 Nb6 6. d4 Bg7 7. Bf4 O-O 8. e3
Be6 9. Qa3 c5 10. Qxc5 Nc6 11. Be2 Rc8 12. Qa3 Nc4 13. Qa4 Nxb2 14. Qb5 Qb6 15.
Qxb6 axb6 16. Rb1 Na5 17. Rxb2 Rxc3 18. O-O Rfc8 19. Rxb6 Ra3 20. Ne5 Rxa2 21.
Rxe6 fxe6 22. Bg4 Rcc2 23. Bxe6+ Kf8 24. Bxa2 Rxa2 25. h4 Bxe5 26. Bxe5 Nc4 27.
Rb1 Nxe5 28. dxe5 Ra5 29. f4 b5 30. Kf2 Ke8 31. g4 Kd7 32. Kf3 Kc6 33. Rc1+ Kd5
34. Rd1+ Ke6 35. Ke4 b4 36. f5+ gxf5+ 37. gxf5+ Kf7 38. Rb1 Rb5 39. Rb3 Rb6 40.
Kd4 Rb5 41. e4 h5 42. e6+ Kf6 43. Rg3 1-0

[Event "Yinzhou Cup CHN-USA Rapid"]
[Site "Ningbo CHN"]
[Date "2013.07.26"]
[Round "7.3"]
[Board "3"]
[White "Wen, Yang"]
[Black "Kaidanov, Gregory S"]
[Result "1-0"]
[WhiteTitle "GM"]
[BlackTitle "GM"]
[WhiteElo "2593"]
[BlackElo "2577"]
[WhiteTeam "CHN"]
[BlackTeam "USA"]
[WhiteFideId "8602956"]
[BlackFideId "2008564"]
[EventDate "2013.07.25"]

1. e4 e6 2. Qe2 c5 3. Nf3 Nc6 4. g3 g6 5. Bg2 Bg7 6. h4 h6 7. O-O Nge7 8. c3 d6
9. d4 cxd4 10. Nxd4 Nxd4 11. cxd4 Bxd4 12. Nc3 Bg7 13. Be3 O-O 14. Rad1 Bd7 15.
Qd2 Kh7 16. Qxd6 Bc6 17. Qa3 Qc7 18. Bf4 e5 19. Be3 Rfd8 20. Bc5 Ng8 21. h5 b6
22. Bd6 Qb7 23. hxg6+ fxg6 24. Nd5 Qd7 25. Bc7 Rdc8 26. Nf6+ Nxf6 27. Rxd7 Nxd7
28. Bd6 Bb5 29. Rd1 Nc5 30. Bf3 h5 31. Kg2 Ne6 32. Bxe5 Bxe5 33. Qe7+ Bg7 34.
Qxe6 Rc5 35. Rd6 Rg5 36. Rd5 Bc4 37. Qe7 Bxd5 38. Qxg5 Bxa2 39. e5 Re8 40. Be4
Rxe5 41. Qxg6+ Kg8 42. f4 Bf7 43. Qh7+ 1-0

[Event "Yinzhou Cup CHN-USA Rapid"]
[Site "Ningbo CHN"]
[Date "2013.07.26"]
[Round "7.1"]
[Board "6"]
[White "Tan, Zhongyi"]
[Black "Abrahamyan, Tatev"]
[Result "1-0"]
[WhiteTitle "WGM"]
[BlackTitle "WGM"]
[WhiteElo "2478"]
[BlackElo "2316"]
[WhiteTeam "CHN"]
[BlackTeam "USA"]
[WhiteFideId "8603642"]
[BlackFideId "13301918"]
[EventDate "2013.07.25"]

1. c4 c5 2. Nc3 Nc6 3. g3 g6 4. Bg2 Bg7 5. Nf3 e5 6. a3 Nge7 7. b4 cxb4 8. axb4
Nxb4 9. Ba3 Nec6 10. Nd5 Nxd5 11. cxd5 Ne7 12. Bd6 O-O 13. Nxe5 Re8 14. g4 Nf5
15. gxf5 Bxe5 16. Bxe5 Rxe5 17. fxg6 hxg6 18. d4 Rh5 19. Bf3 Rh4 20. Qd3 d6 21.
Rg1 Qf6 22. Be4 Kg7 23. f3 Bd7 24. Rc1 Qf4 25. Rc7 Qxh2 26. Qe3 Rc8 27. Rxc8
Bxc8 28. Bxg6 Kf8 29. Qg5 Bd7 30. Bxf7 Bg4 31. Qg8+ Ke7 32. Rxg4 Rxg4 33. Qe8+
Kf6 34. Qe6+ Kg7 35. Qxg4+ Kxf7 36. Qe6+ Kg7 37. Qe7+ Kg6 38. Kd2 Qf4+ 39. e3
Qxf3 40. Qxd6+ Kg5 41. Qe5+ Kg6 42. Qe6+ Kg7 43. Qe7+ Kg6 44. Qe6+ Kg7 45. Kc3
b5 46. d6 Qc6+ 47. Kb4 Qb6 48. Qe7+ Kg6 49. Qe8+ Kh6 50. Qf8+ Kg6 51. d7 Qc6 52.
Qf7+ Kxf7 53. d8=N+ 1-0

[Event "Yinzhou Cup CHN-USA Rapid"]
[Site "Ningbo CHN"]
[Date "2013.07.26"]
[Round "7.2"]
[Board "7"]
[White "Foisor, Sabina-Francesca"]
[Black "Ju, Wenjun"]
[Result "0-1"]
[WhiteTitle "WGM"]
[BlackTitle "WGM"]
[WhiteElo "2281"]
[BlackElo "2531"]
[WhiteTeam "USA"]
[BlackTeam "CHN"]
[WhiteFideId "1212915"]
[BlackFideId "8603006"]
[EventDate "2013.07.25"]

1. d4 Nf6 2. c4 c5 3. d5 e5 4. Nc3 d6 5. Qc2 Be7 6. e3 a6 7. a4 g6 8. Bd3 O-O 9.
Nge2 Nh5 10. h3 f5 11. g4 Ng7 12. gxf5 gxf5 13. Ng3 e4 14. Be2 Nd7 15. b3 Ne5
16. Bb2 Bd7 17. Rg1 Kh8 18. O-O-O Bf6 19. Rg2 Qe7 20. Rdg1 Ng6 21. h4 b5 22. h5
Nh4 23. h6 Ne8 24. Rh2 bxa4 25. bxa4 Ng6 26. Nh5 Be5 27. Rhg2 Rb8 28. Ba1 Nf6
29. Ng7 Rb4 30. Kd2 Ng8 31. Ne6 Bxe6 32. dxe6 Nf6 33. Nd5 Nxd5 34. cxd5 Qb7 35.
Qa2 Rb8 36. Rc1 Bxa1 37. Qxa1+ Ne5 38. Ke1 Qxd5 39. e7 Qe6 40. Bxa6 Qxe7 41. Bb5
Qf6 42. Ke2 f4 43. exf4 Qxf4 44. Qc3 Rf8 45. Kf1 Qxh6 46. Rd1 e3 47. Ke2 Qh5+
48. Ke1 exf2+ 49. Kd2 Rd4+ 0-1

[Event "Yinzhou Cup CHN-USA Rapid"]
[Site "Ningbo CHN"]
[Date "2013.07.26"]
[Round "7.3"]
[Board "8"]
[White "Guo, Qi"]
[Black "Zenyuk, Iryna"]
[Result "1-0"]
[WhiteTitle "WGM"]
[BlackTitle "CM"]
[WhiteElo "2446"]
[BlackElo "2250"]
[WhiteTeam "CHN"]
[BlackTeam "USA"]
[WhiteFideId "8604002"]
[BlackFideId "2022966"]
[EventDate "2013.07.25"]

1. d4 Nf6 2. Nf3 g6 3. c4 Bg7 4. Nc3 O-O 5. e4 d6 6. Be2 e5 7. O-O Nc6 8. d5 Ne7
9. Ne1 Nd7 10. Nd3 f5 11. f3 f4 12. Bd2 g5 13. Rc1 Ng6 14. c5 Nf6 15. Nb5 Rf7
16. Ba5 b6 17. cxd6 bxa5 18. dxc7 Qf8 19. Nc5 Nd7 20. Ne6 Qe7 21. Nd8 Nb6 22. d6
Qd7 23. Rc6 Bf6 24. Rxb6 axb6 25. Qd5 Bxd8 26. cxd8=Q+ Qxd8 27. Bc4 Be6 28. Qxe6
Qe8 29. Qg4 Rd8 30. Qxg5 Kg7 31. Nc7 Rxc7 32. dxc7 Rc8 33. Rd1 Rxc7 34. Rd8 h6
35. Rxe8 hxg5 36. b3 Rd7 37. g3 Rd1+ 38. Kg2 Rd2+ 39. Kh3 Rxa2 40. Rg8+ Kh7 41.
Bf7 fxg3 42. hxg3 Rf2 43. Rxg6 Rxf3 44. Be8 Rxb3 45. Rxg5 b5 46. Rxe5 Rb4 47.
Bxb5 a4 48. Bc6 Rc4 49. Bd5 Rc3 50. Re7+ Kg6 51. Ra7 a3 52. Kg4 Kf6 53. Kf4 Rd3
54. g4 Kg6 55. Ra6+ Kg7 56. g5 1-0

[Event "Yinzhou Cup CHN-USA Rapid"]
[Site "Ningbo CHN"]
[Date "2013.07.26"]
[Round "7.5"]
[Board "10"]
[White "Ni, Viktorija"]
[Black "Wang, Jue"]
[Result "1/2-1/2"]
[WhiteTitle "WIM"]
[BlackTitle "WGM"]
[WhiteElo "2173"]
[BlackElo "2399"]
[WhiteTeam "USA"]
[BlackTeam "CHN"]
[WhiteFideId "11602252"]
[BlackFideId "8604070"]
[EventDate "2013.07.25"]

1. d4 Nf6 2. c4 g6 3. Nc3 d5 4. Nf3 Bg7 5. e3 O-O 6. Qb3 c6 7. Bd2 Ne4 8. cxd5
Nxc3 9. dxc6 Nxc6 10. Bxc3 Be6 11. Qd1 a5 12. Ng5 Bf5 13. Nf3 Nb4 14. Bxb4 axb4
15. Bc4 Be4 16. O-O e6 17. Nd2 Bc6 18. Nf3 Ra5 19. Qe2 Qd6 20. Rfd1 Be4 21. Bd3
Bd5 22. Bc4 Be4 23. Bd3 Bd5 24. Bc4 Be4 25. Bd3 Bd5 26. Bc4 Be4 27. Bd3 Bd5 28.
Bc4 Be4 29. Nd2 Bc6 30. Nb3 Rg5 31. e4 Rh5 1/2-1/2